| 000 | 00531nam a2200193Ia 4500 | ||
|---|---|---|---|
| 003 | GCL | ||
| 008 | 140319s9999 xx 000 0 eng d | ||
| 020 | _a99533160X | ||
| 040 |
_aGCL / _cGCL |
||
| 082 | 0 | 4 |
_a610.3 _bM M |
| 100 | 1 | _aMOHAMMAD OUSSAMA MARASHI | |
| 245 | 1 | 0 |
_aMARASHI'S CONCISE MEDICAL DICTIONARY / _cMOHAMMAD OUSSAMA MARASHI |
| 260 |
_aبيروت : _bLIBRAIRE DU LIBAN ، _c2003 |
||
| 300 |
_a32 CM ؛ _cMULTI |
||
| 650 | 0 | 4 | _aDICTIONARIES |
| 650 | 0 | 4 | _aMEDICINE |
| 650 | 0 | 4 | _aMEDICAL DICTIOANRY |
| 942 |
_2ddc _cBK |
||
| 999 |
_c6189 _d6189 |
||